| 000 | 00594pam a2200181 a 4500 | ||
|---|---|---|---|
| 020 | _a0072870982 | ||
| 020 | _a0072870990 (v. 1 : pbk. : acidfree paper) | ||
| 020 | _a0072871008 (v. 2 : pbk. : acidfree paper) | ||
| 040 | _cDLC | ||
| 082 | 0 | 0 | _a973 MCG 2004 A099 Or. |
| 245 | 0 | 0 |
_aNation of nations : _ba narrative history of the American republic / |
| 250 | _a5th ed. | ||
| 260 |
_aNew York : _bMcGraw-Hill, _cc2004. |
||
| 300 |
_a2 v. : _bill. (some col.), col. maps ; _c26 cm. + 1 CD-ROM (4 3/4 in.). |
||
| 500 | _aMap on lining papers. | ||
| 700 | 1 | _aDavidson, James West. | |
| 942 | _cEK | ||
| 999 |
_c11908 _d11908 |
||